书目信息 |
| 题名: |
奥地利
|
|
| 作者: | ;何忠国 , 徐元铭 译 ;新加坡APA出版有限公司 编 | |
| 分册: | ||
| 出版信息: | 北京 中国水利水电出版社 2005.03 |
|
| 页数: | 349页 | |
| 开本: | 23cm | |
| 丛书名: | 异域风情丛书 | |
| 单 册: | ||
| 中图分类: | K933.6 | |
| 科图分类: | ||
| 主题词: | ||
| 电子资源: | ||
| ISBN: | 7-5084-2719-X | |
| 000 | 01185nam 2200301 450 | |
| 001 | 012008572833 | |
| 005 | 20080318153047.95 | |
| 010 | @a7-5084-2719-X@dCNY68.00 | |
| 100 | @a20080318d2005 km y0chiy0120 ea | |
| 101 | 1 | @achi@ceng |
| 102 | @aCN@b110000 | |
| 105 | @aa z 000yy | |
| 106 | @ar | |
| 200 | 1 | @a奥地利@Aao di li@f[新加坡APA出版有限公司编]@F[xin jia po APA chu ban you xian gong si bian]@g何忠国, 徐元铭译@Ghe zhong guo,xu yuan ming yi |
| 205 | @a第2版 | |
| 210 | @a北京@c中国水利水电出版社@d2005.03 | |
| 215 | @a349页@c图@d23cm | |
| 225 | 2 | @a异域风情丛书@Ayi yu feng qing cong shu |
| 304 | @a责任者取自版权页。 | |
| 330 | @a旅游类图书,集历史、文化、地理于一体的旅游知识丛书。构成庞大,系统全面。每一集以国家、地区或城市名称为书名,不仅详尽介绍了当地的风光名胜、历史背景、文化渊源,而且还提供了住宿、饭店等最新旅游资讯。 | |
| 410 | 0 | @12001 @a异域风情丛书 |
| 607 | @a奥地利@Aao di li@x概况 | |
| 690 | @aK933.6@v4 | |
| 702 | 0 | @a何忠国@Ahe zhong guo@4译 |
| 702 | 0 | @a徐元铭@Axu yuan ming@4译 |
| 711 | 02 | @a新加坡APA出版有限公司@Axin jia po APA chu ban you xian gong si@4编 |
| 801 | 0 | @aCN@bQSSK@c20080318 |
| 905 | @b20286929-30@dK933.6@eX547=2@f2 | |
| 奥地利/[新加坡APA出版有限公司编]/何忠国, 徐元铭译.-第2版.-北京:中国水利水电出版社,2005.03 |
| 349页:图;23cm.-(异域风情丛书) |
| ISBN 7-5084-2719-X:CNY68.00 |
| 旅游类图书,集历史、文化、地理于一体的旅游知识丛书。构成庞大,系统全面。每一集以国家、地区或城市名称为书名,不仅详尽介绍了当地的风光名胜、历史背景、文化渊源,而且还提供了住宿、饭店等最新旅游资讯。 |
| ● |
| 相关链接 |
|
|
|
正题名:奥地利
索取号:K933.6/X547=2
 
预约/预借
| 序号 | 登录号 | 条形码 | 馆藏地/架位号 | 状态 | 备注 |
| 1 | 286929 | 202869299 | 社科库309/309社科库 26排2列1层/ [索取号:K933.6/X547=2] | 在馆 | |
| 2 | 286930 | 202869306 | 社科库309/309社科库 26排2列1层/ [索取号:K933.6/X547=2] | 在馆 |